LIBRARY & INFORMATION CENTRE, KCAET, TAVANUR

ONLINE PUBLIC ACCESS CATALOGUE (OPAC)

Monograph on traditional and improved bullock carts of India / (Record no. 8940)

MARC details
000 -LEADER
fixed length control field 00477cam a2200169ua 4500
041 ## - LANGUAGE CODE
Language code of text/sound track or separate title eng
082 ## - DEWEY DECIMAL CLASSIFICATION NUMBER
Classification number 028.763
Item number DES/MO
100 ## - MAIN ENTRY--AUTHOR NAME
Personal name Deshpande, S D .
245 ## - TITLE STATEMENT
Title Monograph on traditional and improved bullock carts of India /
250 ## - EDITION STATEMENT
Edition statement 1 /
260 ## - PUBLICATION, DISTRIBUTION, ETC. (IMPRINT)
Place of publication Bhopal :
Name of publisher Central Institute of Agricultural Engineering ,
Year of publication 1984.
300 ## - PHYSICAL DESCRIPTION
Number of Pages 158 ; .
700 1# - ADDED ENTRY--PERSONAL NAME
Personal name Ojha, T.P.
942 ## - ADDED ENTRY ELEMENTS (KOHA)
Koha item type Books
Holdings
Withdrawn status Lost status Damaged status Home library Current library Date acquired Full call number Accession Number Koha item type
      KAUAET KAUAET 06/08/1990 028.763 16704 Reference
free website counter